00565nam a22002057a 450000500170000001000130001702000210003003500130005103700160006404000120008008200130009210000260010524500640013126000440019527000120023930000270025150000510027865000190032965000110034820170124110155.0 aA-089922 c00.00a006318138 aA-089922 bCen Lib/Ret aDPLbEN a157bSPI aSpielberger, Charles  aUnderstanding stress and anxiety /cby Charles Spielberger  aLondon bHarper & Row Publishers c1979 bLondon  a128p.;c19cm(Hb)bill. aIncludes bibliographical references and index  z aPsychology  aStress